000 00499nam a2200145 a 4500
001 000040731
005 20201002034334.0
008 130905s2011 sp a 000 0 spa d
040 _aDO-SdBNP
_bspa
_cBNPHU
100 1 _aGonzález Serra, Luis
_967127
245 1 3 _aLa metamorfosis de la ideología :
_bEnsayos sobre el poder, la justicia y el orden cosmopolita /
_cLuis González Serra.
260 _aMadrid :
_bFundación Ramón Areces,
_c2011.
300 _a574 p. ;
_c26 cm.
504 _aBibliografía
999 _c40221
_d40221